Normal view
MARC view
- Somashekher C
Entry Personal Name
001 - CONTROL NUMBER
- control field: 211094
003 - CONTROL NUMBER IDENTIFIER
- control field: OSt
005 - DATE AND TIME OF LATEST TRANSACTION
- control field: 20250117111918.0
008 - FIXED-LENGTH DATA ELEMENTS
- fixed length control field: 250117|| aca||aabn | a|a d
040 ## - CATALOGING SOURCE
- Original cataloging agency: OSt
- Transcribing agency: OSt
100 ## - HEADING--PERSONAL NAME
- Personal name: Somashekher C
670 ## - SOURCE DATA FOUND
- Source citation: Work cat.: (OSt)364793: Somashekher C., Life And Works Of Dr. B.R. Ambedkar, 2022